00496 2200205 4500001002100000008004100021035002000062082000800082084001400090100002000104245004400124250000600168260004200174300001200216650001400228990001200242990001200254990001200266990001200278INLIS000000000000570 ind  a0010-0424000546 a600 a600 EDY i aSuoriyanto, Edy aInstalasi Motor ListrikcEdy Supriyanto a1 aKlaten :bSaka Mitra Kompetensic2011 a100 hlm aNon Fiksi a0722308 a0722309 a0722310 a0722311